[Event "Vesterhav"]
[Site "Esbjerg"]
[Date "2008.07.17"]
[Round "9"]
[White "Seegert, Kristian"]
[Black "Spirin, Oleg"]
[Result "0-1"]
[WhiteElo "2024"]
[BlackElo "2446"]
[PlyCount "56"]
[EventDate "2008.07.11"]
[EventType "swiss"]
[EventRounds "10"]
[EventCountry "DEN"]
[Source "ChessBase"]
[SourceDate "2008.09.01"]

1. e4 c5 2. Nf3 d6 3. d4 cxd4 4. Nxd4 Nf6 5. Nc3 a6 6. Bg5 Nc6 7. Qd2 e6 8.
O-O-O h6 9. Nxc6 bxc6 10. Bf4 d5 11. Qe3 Be7 12. Be2 O-O 13. h4 Nd7 14. Qg3 Kh8
15. Bc7 Qe8 16. Qf3 Ra7 17. Bf4 d4 18. Nb1 e5 19. Bd2 Nf6 20. Rdg1 Bg4 21. Qd3
Bxe2 22. Qxe2 c5 23. g4 Qb5 24. Qf3 Qc6 25. Re1 c4 26. Qf5 c3 27. bxc3 Rb7 28.
Qxe5 Rfb8 0-1

[Event "Vesterhav"]
[Site "Esbjerg"]
[Date "2008.07.17"]
[Round "9"]
[White "Straarup, Eigil"]
[Black "Madsen, Egon Rysgaard"]
[Result "1-0"]
[WhiteElo "1998"]
[BlackElo "1677"]
[PlyCount "59"]
[EventDate "2008.07.11"]
[EventType "swiss"]
[EventRounds "10"]
[EventCountry "DEN"]
[Source "ChessBase"]
[SourceDate "2008.09.01"]

1. e4 e5 2. Nf3 Nc6 3. Bb5 Nf6 4. O-O d6 5. c3 Be7 6. d3 O-O 7. Re1 Bg4 8. Nbd2
a6 9. Ba4 b5 10. Bc2 d5 11. Qe2 d4 12. Nf1 b4 13. c4 Qd7 14. Ng3 Nh5 15. Nxh5
Bxh5 16. Ba4 f6 17. Bxc6 Qxc6 18. Nxe5 fxe5 19. Qxh5 Qf6 20. Rf1 a5 21. Bd2 Qe6
22. f4 exf4 23. Rxf4 Rxf4 24. Bxf4 g6 25. Qd5 Qxd5 26. cxd5 Ra7 27. Rc1 Bd6 28.
e5 Bf8 29. Kf2 h6 30. Kf3 1-0

[Event "Vesterhav"]
[Site "Esbjerg"]
[Date "2008.07.17"]
[Round "9"]
[White "Voss, Chantal"]
[Black "Fogh, Jens Olaf Svanholm"]
[Result "0-1"]
[WhiteElo "1913"]
[BlackElo "2032"]
[PlyCount "80"]
[EventDate "2008.07.11"]
[EventType "swiss"]
[EventRounds "10"]
[EventCountry "DEN"]
[Source "ChessBase"]
[SourceDate "2008.09.01"]

1. d4 c6 2. c4 d5 3. Nc3 Nf6 4. cxd5 cxd5 5. Bf4 Bf5 6. e3 Nbd7 7. Bd3 Bg6 8.
Nge2 e6 9. h4 Be7 10. O-O O-O 11. Rc1 a6 12. Bxg6 hxg6 13. Na4 Rc8 14. Qd3 b5
15. Rxc8 Qxc8 16. Rc1 Qa8 17. Nc5 Bxc5 18. dxc5 Rc8 19. b4 Qb7 20. f3 Nb8 21.
Nd4 Nc6 22. Nxc6 Qxc6 23. Rd1 a5 24. a3 axb4 25. axb4 Ra8 26. Rd2 Ra4 27. Qb3
Nd7 28. Ra2 Qa6 29. Rxa4 bxa4 30. Qa3 Qb5 31. Qc3 Qc6 32. Kf2 f6 33. Bd6 Kh7
34. Qb2 Qb5 35. f4 Qa6 36. Qa3 e5 37. fxe5 fxe5 38. Kf3 Nf6 39. Bxe5 Ne4 40.
Qa2 Qf1+ 0-1

[Event "Vesterhav"]
[Site "Esbjerg"]
[Date "2008.07.17"]
[Round "9"]
[White "Zozulia, Anna"]
[Black "Vul, Arkadi Eremeevich"]
[Result "0-1"]
[WhiteElo "2346"]
[BlackElo "2332"]
[PlyCount "116"]
[EventDate "2008.07.11"]
[EventType "swiss"]
[EventRounds "10"]
[EventCountry "DEN"]
[Source "ChessBase"]
[SourceDate "2008.09.01"]

1. e4 e5 2. Nf3 Nc6 3. Bb5 g6 4. c3 Nge7 5. d4 exd4 6. cxd4 d5 7. exd5 Nxd5 8.
O-O Bg7 9. Re1+ Be6 10. Bxc6+ bxc6 11. Bg5 Qd6 12. Qc1 O-O 13. Bh6 Nb4 14. Bxg7
Kxg7 15. Qd2 Bf5 16. Na3 Rab8 17. Nc4 Qf6 18. Nfe5 Rfd8 19. Qc3 Nc2 20. Na5
Nxe1 21. Rxe1 c5 22. dxc5 Rd3 23. Nxd3 Qxc3 24. bxc3 Bxd3 25. Nc6 Rb5 26. Nxa7
Rxc5 27. Rc1 Ra5 28. Nc6 Rxa2 29. Nb4 Rd2 30. Nxd3 Rxd3 31. Kf1 c5 32. c4 Rd2
33. Rc3 Kf6 34. Rf3+ Ke6 35. Rf4 Rc2 36. g3 f5 37. Kg2 g5 38. Rf3 Rxc4 39. Ra3
h5 40. Ra5 Ke5 41. Ra8 Rc2 42. Rg8 g4 43. Rh8 c4 44. Rxh5 c3 45. Rh8 Rd2 46.
Re8+ Kd4 47. Rd8+ Ke4 48. Re8+ Kd3 49. Rd8+ Kc2 50. Rf8 Kd1 51. Rxf5 c2 52. Rc5
c1=Q 53. Rxc1+ Kxc1 54. h3 gxh3+ 55. Kxh3 Rxf2 56. g4 Kd2 57. g5 Ke3 58. Kg4
Ke4 0-1

[Event "Vesterhav"]
[Site "Esbjerg"]
[Date "2008.07.18"]
[Round "10"]
[White "Amberger, Dieter"]
[Black "Noe, Lars"]
[Result "1/2-1/2"]
[WhiteElo "2110"]
[BlackElo "1936"]
[PlyCount "32"]
[EventDate "2008.07.11"]
[EventType "swiss"]
[EventRounds "10"]
[EventCountry "DEN"]
[Source "ChessBase"]
[SourceDate "2008.09.01"]

1. d4 d5 2. c4 c6 3. Nf3 e6 4. e3 Nf6 5. Nc3 Be7 6. Qc2 Nbd7 7. Bd2 O-O 8. Bd3
dxc4 9. Bxc4 b5 10. Bd3 a6 11. e4 c5 12. e5 cxd4 13. Ne2 Ng4 14. Bxh7+ Kh8 15.
Be4 Ra7 16. Nfxd4 Ndxe5 1/2-1/2

[Event "Vesterhav"]
[Site "Esbjerg"]
[Date "2008.07.18"]
[Round "10"]
[White "Andersen, Daniel"]
[Black "Munksgaard, Dennis"]
[Result "1/2-1/2"]
[WhiteElo "1969"]
[BlackElo "2022"]
[PlyCount "97"]
[EventDate "2008.07.11"]
[EventType "swiss"]
[EventRounds "10"]
[EventCountry "DEN"]
[Source "ChessBase"]
[SourceDate "2008.09.01"]

1. c4 Nf6 2. Nc3 e5 3. Nf3 Nc6 4. g3 d6 5. d4 Nxd4 6. Nxd4 exd4 7. Qxd4 Be7 8.
Bg2 O-O 9. O-O c6 10. Rd1 Bf5 11. Bf4 Ne8 12. Ne4 Bxe4 13. Bxe4 Qb6 14. Qxb6
axb6 15. Be3 Bd8 16. Rd3 Nf6 17. Bf3 Bc7 18. a3 Nd7 19. Bf4 Nc5 20. Rc3 Rfe8
21. b4 Ne4 22. Bxe4 Rxe4 23. c5 bxc5 24. bxc5 Ba5 25. Rb3 dxc5 26. Rxb7 Rxe2
27. Be3 c4 28. Kf1 Rc2 29. Rd1 f5 30. Bd4 Rd2 31. Rxd2 Bxd2 32. Rxg7+ Kf8 33.
Rxh7 Ra4 34. Ke2 c3 35. Bc5+ Kg8 36. Rc7 Rc4 37. Bb4 f4 38. Kd3 fxg3 39. hxg3
Be1 40. Kc2 Bxf2 41. Rd7 c5 42. Rc7 Kf8 43. g4 Ke8 44. g5 Bd4 45. g6 Kf8 46.
Rf7+ Kg8 47. Rc7 Bg1 48. Ba5 Bd4 49. Bb4 1/2-1/2

[Event "Vesterhav"]
[Site "Esbjerg"]
[Date "2008.07.18"]
[Round "10"]
[White "Ashwin, Jayaram"]
[Black "Bach, Matthias"]
[Result "1-0"]
[WhiteElo "2436"]
[BlackElo "2272"]
[PlyCount "69"]
[EventDate "2008.07.11"]
[EventType "swiss"]
[EventRounds "10"]
[EventCountry "DEN"]
[Source "ChessBase"]
[SourceDate "2008.09.01"]

1. e4 c5 2. Nc3 a6 3. Nf3 b5 4. d4 e6 5. d5 g6 6. e5 Bb7 7. dxe6 dxe6 8. Qe2
Bh6 9. Bxh6 Nxh6 10. a4 Qa5 11. Nd2 O-O 12. Nb3 Qc7 13. axb5 Nf5 14. O-O-O Nd7
15. Ne4 Bxe4 16. Qxe4 axb5 17. Bxb5 Nxe5 18. Rhe1 Qb6 19. c4 f6 20. f4 Nd6 21.
Rxd6 Qxd6 22. fxe5 fxe5 23. Qc6 Qe7 24. Rxe5 Rf1+ 25. Kc2 Raf8 26. Nxc5 R8f2+
27. Kb3 Rb1 28. Nd3 Rd2 29. c5 Kg7 30. Qxe6 Qb7 31. Qe7+ Qxe7 32. Rxe7+ Kf6 33.
Re3 Ra1 34. c6 Ra8 35. Nb4 1-0

[Event "Vesterhav"]
[Site "Esbjerg"]
[Date "2008.07.18"]
[Round "10"]
[White "Bonnelykke, Ole"]
[Black "Hansen, Ib Lynaes"]
[Result "0-1"]
[WhiteElo "2148"]
[BlackElo "1926"]
[PlyCount "88"]
[EventDate "2008.07.11"]
[EventType "swiss"]
[EventRounds "10"]
[EventCountry "DEN"]
[Source "ChessBase"]
[SourceDate "2008.09.01"]

1. e4 e5 2. Nf3 Nc6 3. Bb5 Nf6 4. O-O Nxe4 5. Re1 Nd6 6. Nxe5 Be7 7. a4 O-O 8.
d4 Nxb5 9. axb5 Nxe5 10. dxe5 d6 11. Bf4 dxe5 12. Bxe5 Qxd1 13. Rxd1 Bf5 14. c3
Rfd8 15. Na3 Bd6 16. Bxd6 cxd6 17. Rd4 Rd7 18. Nc4 Re7 19. Nxd6 Bc2 20. Nc4 g5
21. Ne3 Bg6 22. g4 h5 23. gxh5 Bh7 24. Nd5 Re5 25. Nf6+ Kg7 26. Nd5 Bf5 27. c4
Bh3 28. Ne3 Kh6 29. b4 Kxh5 30. c5 f5 31. Rd5 Rae8 32. Rxe5 Rxe5 33. Rxa7 f4
34. Rxb7 fxe3 35. fxe3 Rxe3 36. Rh7+ Kg4 37. Rxh3 Rxh3 38. Kg2 Rb3 39. c6 Rb2+
40. Kf1 Kf3 41. Ke1 Ke3 42. Kd1 Kd3 43. Kc1 Rc2+ 44. Kb1 g4 0-1

[Event "Vesterhav"]
[Site "Esbjerg"]
[Date "2008.07.18"]
[Round "10"]
[White "Christensen, Svend Ib"]
[Black "Andersen, Vagn Skov"]
[Result "1/2-1/2"]
[WhiteElo "1531"]
[BlackElo "1778"]
[PlyCount "105"]
[EventDate "2008.07.11"]
[EventType "swiss"]
[EventRounds "10"]
[EventCountry "DEN"]
[Source "ChessBase"]
[SourceDate "2008.09.01"]

1. d4 d6 2. Nf3 Nf6 3. Bf4 c6 4. c3 Nh5 5. Bc1 g6 6. g3 Bg7 7. Bg2 O-O 8. O-O
Qc7 9. e4 e5 10. dxe5 dxe5 11. Be3 b6 12. Qc2 Bb7 13. Nbd2 c5 14. Rfd1 c4 15.
b3 cxb3 16. axb3 Nf6 17. h3 Nc6 18. Ne1 Rad8 19. Nc4 Rxd1 20. Rxd1 Rd8 21.
Rxd8+ Qxd8 22. f3 Ba6 23. Bf1 Bc8 24. Kg2 Qd7 25. Kh2 h5 26. Qd2 Qe6 27. Qd6
Qe8 28. Nc2 Nh7 29. Qd2 Qe6 30. Qd6 Qe8 31. b4 Bf8 32. Qd2 Qe6 33. Qd5 Qf6 34.
Qd1 g5 35. Ne1 g4 36. h4 Qg6 37. b5 gxf3 38. Qd3 Nf6 39. Nxf3 Nxe4 40. Ng5 Nxg5
41. Qxg6+ fxg6 42. Bxg5 Ne7 43. Nxe5 Bf5 44. c4 Nc8 45. Bg2 Bc5 46. Bb7 Nd6 47.
Bd5+ Kg7 48. Nc6 Nc8 49. Bf4 Bd7 50. Bb8 Bxc6 51. Bxc6 Bd6 52. Bd7 Bxb8 53.
Bxc8 1/2-1/2

[Event "Vesterhav"]
[Site "Esbjerg"]
[Date "2008.07.18"]
[Round "10"]
[White "Dyrgaard, Kristoffer"]
[Black "Seegert, Kristian"]
[Result "1/2-1/2"]
[WhiteElo "2173"]
[BlackElo "2024"]
[PlyCount "40"]
[EventDate "2008.07.11"]
[EventType "swiss"]
[EventRounds "10"]
[EventCountry "DEN"]
[Source "ChessBase"]
[SourceDate "2008.09.01"]

1. e4 e5 2. Nf3 Nc6 3. Bb5 Nge7 4. O-O g6 5. c3 Bg7 6. d4 exd4 7. cxd4 a6 8.
Ba4 O-O 9. d5 Na5 10. Nbd2 b5 11. Bc2 d6 12. a4 Bb7 13. axb5 axb5 14. Bd3 c6
15. dxc6 Bxc6 16. Nb3 Nxb3 17. Rxa8 Qxa8 18. Qxb3 Qb7 19. Re1 h6 20. Be3 Re8
1/2-1/2

[Event "Vesterhav"]
[Site "Esbjerg"]
[Date "2008.07.18"]
[Round "10"]
[White "Flindt, Thomas"]
[Black "Mortensen, Henrik"]
[Result "1/2-1/2"]
[WhiteElo "2166"]
[BlackElo "2019"]
[PlyCount "23"]
[EventDate "2008.07.11"]
[EventType "swiss"]
[EventRounds "10"]
[EventCountry "DEN"]
[Source "ChessBase"]
[SourceDate "2008.09.01"]

1. e4 d5 2. d4 dxe4 3. Nc3 Nf6 4. f3 exf3 5. Nxf3 Bg4 6. h3 Bxf3 7. Qxf3 c6 8.
g4 e6 9. g5 Nd5 10. Ne4 Nd7 11. Bg2 Be7 12. h4 1/2-1/2

[Event "Vesterhav"]
[Site "Esbjerg"]
[Date "2008.07.18"]
[Round "10"]
[White "Fogh, Jens Olaf Svanholm"]
[Black "Zozulia, Anna"]
[Result "0-1"]
[WhiteElo "2032"]
[BlackElo "2346"]
[PlyCount "66"]
[EventDate "2008.07.11"]
[EventType "swiss"]
[EventRounds "10"]
[EventCountry "DEN"]
[Source "ChessBase"]
[SourceDate "2008.09.01"]

1. d4 g6 2. e4 Bg7 3. Be3 d6 4. Nc3 a6 5. f3 b5 6. Bd3 Nd7 7. Nce2 Nb6 8. c3
Nf6 9. b3 c6 10. Qd2 h5 11. f4 Ng4 12. Nf3 Nxe3 13. Qxe3 Qc7 14. O-O c5 15.
Rac1 Bb7 16. c4 bxc4 17. Bxc4 e6 18. Rfd1 Nxc4 19. Rxc4 Bxe4 20. dxc5 d5 21.
Rxe4 dxe4 22. Ng5 O-O 23. Nxe4 Qa5 24. Qd2 Qxd2 25. Rxd2 Rfd8 26. b4 Rxd2 27.
Nxd2 Rb8 28. a3 a5 29. bxa5 Rb2 30. a6 Rxd2 31. a7 Rd8 32. c6 Ra8 33. c7 Kf8
0-1

[Event "Vesterhav"]
[Site "Esbjerg"]
[Date "2008.07.18"]
[Round "10"]
[White "Grove, Peter"]
[Black "Pedersen, Jan Rode"]
[Result "1-0"]
[WhiteElo "2109"]
[BlackElo "2206"]
[PlyCount "86"]
[EventDate "2008.07.11"]
[EventType "swiss"]
[EventRounds "10"]
[EventCountry "DEN"]
[Source "ChessBase"]
[SourceDate "2008.09.01"]

1. Nf3 Nf6 2. g3 b6 3. Bg2 Bb7 4. O-O e6 5. d3 d5 6. c3 Nbd7 7. Qc2 Bd6 8. Nbd2
O-O 9. e4 h6 10. Re1 dxe4 11. dxe4 Ng4 12. Nc4 Bc5 13. Ne3 Nxe3 14. Bxe3 Bxe3
15. Rxe3 Qe7 16. e5 Rad8 17. b4 c5 18. a3 Nb8 19. b5 Rd7 20. Nd2 Bxg2 21. Kxg2
Rfd8 22. Nc4 Rd5 23. Qe4 Qc7 24. a4 Nd7 25. Re2 Re8 26. f4 Rd8 27. Ne3 Nf8 28.
Nxd5 exd5 29. Qf3 Ne6 30. h4 g6 31. f5 Ng7 32. fxg6 fxg6 33. Qf6 d4 34. cxd4
cxd4 35. Rf1 d3 36. Rd2 Re8 37. Qxg6 Rxe5 38. Qxd3 Qb7+ 39. Qf3 Qe7 40. Rdf2
Qc5 41. Qf8+ Kh7 42. Qxc5 Rxc5 43. Rf7 Kg6 1-0

[Event "Vesterhav"]
[Site "Esbjerg"]
[Date "2008.07.18"]
[Round "10"]
[White "Hagen, Andreas Skytte"]
[Black "Fries Nielsen, Jens Ove"]
[Result "0-1"]
[WhiteElo "2288"]
[BlackElo "2397"]
[PlyCount "82"]
[EventDate "2008.07.11"]
[EventType "swiss"]
[EventRounds "10"]
[EventCountry "DEN"]
[Source "ChessBase"]
[SourceDate "2008.09.01"]

1. Nf3 b6 2. e4 Bb7 3. Nc3 e6 4. d4 Bb4 5. Bd3 Nf6 6. Bg5 h6 7. Bxf6 Qxf6 8.
O-O Bxc3 9. bxc3 O-O 10. Nd2 d6 11. f4 Nd7 12. Qe2 Qe7 13. e5 f5 14. exf6 Rxf6
15. Ne4 Rf7 16. Ng3 Nf6 17. Rae1 Kh8 18. Bf5 Nd5 19. Qh5 Nf6 20. Qg6 exf5 21.
Rxe7 Rxe7 22. Qxf5 Rae8 23. h3 Re3 24. Kh2 a6 25. Qg6 Rxc3 26. Nf5 Rg8 27. Nxh6
gxh6 28. Qxf6+ Kh7 29. Qf7+ Rg7 30. Qf5+ Kg8 31. g4 Re7 32. Rf2 Re1 33. Rg2
Bxg2 34. Kxg2 Re2+ 35. Kf1 Rcxc2 36. Qg6+ Kf8 37. Qxh6+ Ke8 38. Qh8+ Kd7 39. d5
Rf2+ 40. Ke1 Rce2+ 41. Kd1 Rxa2 0-1

[Event "Vesterhav"]
[Site "Esbjerg"]
[Date "2008.07.18"]
[Round "10"]
[White "Hasbo, Mikkel"]
[Black "Jensen, Jan Kargaard"]
[Result "0-1"]
[WhiteElo "1485"]
[BlackElo "1813"]
[PlyCount "92"]
[EventDate "2008.07.11"]
[EventType "swiss"]
[EventRounds "10"]
[EventCountry "DEN"]
[Source "ChessBase"]
[SourceDate "2008.09.01"]

1. e4 c5 2. f4 d6 3. Nf3 Nc6 4. Bc4 e6 5. Nc3 Nf6 6. O-O Be7 7. d3 a6 8. a3 O-O
9. Qe1 d5 10. exd5 exd5 11. Ba2 Bf5 12. Nh4 Bc8 13. f5 Nd4 14. Qd1 b5 15. Nf3
Nxf5 16. Qe1 Be6 17. Ng5 Qd7 18. Nxe6 fxe6 19. Bg5 Rac8 20. Qe2 Nd4 21. Qd1 Bd6
22. Bxf6 Rxf6 23. Rxf6 gxf6 24. Qg4+ Qg7 25. Qh5 Qg6 26. Nxd5 Bxh2+ 27. Kf1 Be5
28. Qxg6+ hxg6 29. Ne3 Kg7 30. c3 Nc6 31. Re1 Bg3 32. Re2 Rh8 33. Kg1 Rd8 34.
Rd2 Bf4 35. Kf2 c4 36. d4 Kf7 37. Bb1 Ne7 38. Re2 Bxe3+ 39. Rxe3 Nd5 40. Rg3 g5
41. Be4 a5 42. Rf3 b4 43. Bxd5 Rxd5 44. cxb4 axb4 45. Kg3 bxa3 46. Rxa3 Rxd4
0-1

[Event "Vesterhav"]
[Site "Esbjerg"]
[Date "2008.07.18"]
[Round "10"]
[White "Haslinger, Ewald"]
[Black "Jensen, John Klaus"]
[Result "1/2-1/2"]
[WhiteElo "1711"]
[BlackElo "1960"]
[PlyCount "46"]
[EventDate "2008.07.11"]
[EventType "swiss"]
[EventRounds "10"]
[EventCountry "DEN"]
[Source "ChessBase"]
[SourceDate "2008.09.01"]

1. e4 e5 2. f4 d5 3. exd5 c6 4. Nf3 e4 5. Ne5 cxd5 6. Qh5 Nh6 7. Bb5+ Nd7 8.
Nxd7 Bxd7 9. Qxd5 Be7 10. Bxd7+ Qxd7 11. Qxe4 O-O 12. O-O Ng4 13. d4 Rae8 14.
f5 Nf6 15. Qd3 Bd6 16. Bd2 Qc7 17. g3 Re4 18. Nc3 Rxd4 19. Qxd4 Bc5 20. Be3
Bxd4 21. Bxd4 Rd8 22. Rad1 Ng4 23. Rfe1 h6 1/2-1/2

[Event "Vesterhav"]
[Site "Esbjerg"]
[Date "2008.07.18"]
[Round "10"]
[White "Helledie, Anders"]
[Black "Ovsejevitsch, Sergei"]
[Result "1/2-1/2"]
[WhiteElo "2223"]
[BlackElo "2582"]
[PlyCount "67"]
[EventDate "2008.07.11"]
[EventType "swiss"]
[EventRounds "10"]
[EventCountry "DEN"]
[Source "ChessBase"]
[SourceDate "2008.09.01"]

1. e4 c5 2. Nc3 Nc6 3. g3 g6 4. Bg2 Bg7 5. d3 d6 6. Be3 e6 7. Qd2 Rb8 8. Nge2
Nd4 9. Nd1 Ne7 10. Nc1 e5 11. c3 Ndc6 12. Bh6 O-O 13. Bxg7 Kxg7 14. Ne3 Be6 15.
Nd5 f6 16. Ne2 Bf7 17. Nxe7 Qxe7 18. O-O Rbd8 19. c4 Rb8 20. Nc3 Nd4 21. f4 b5
22. b3 a5 23. Rf2 bxc4 24. bxc4 exf4 25. Rxf4 Qe5 26. Raf1 Be6 27. R4f2 Rb4 28.
Qf4 Qxf4 29. Rxf4 a4 30. R4f2 a3 31. Nb1 Bg4 32. Nc3 Be6 33. Nb1 Rfb8 34. Nxa3
1/2-1/2

[Event "Vesterhav"]
[Site "Esbjerg"]
[Date "2008.07.18"]
[Round "10"]
[White "Hoffmann, Tobias Breinholt"]
[Black "Andersen, Morten"]
[Result "0-1"]
[WhiteElo "2034"]
[BlackElo "2185"]
[PlyCount "80"]
[EventDate "2008.07.11"]
[EventType "swiss"]
[EventRounds "10"]
[EventCountry "DEN"]
[Source "ChessBase"]
[SourceDate "2008.09.01"]

1. e4 e5 2. Nf3 Nc6 3. Bb5 Nf6 4. d3 Bc5 5. O-O d6 6. c3 a6 7. Bxc6+ bxc6 8.
Nbd2 O-O 9. Nb3 Bb6 10. Bg5 h6 11. Bh4 g5 12. Nxg5 hxg5 13. Bxg5 Kg7 14. Kh1
Rh8 15. f4 Ng4 16. h3 f6 17. f5 Nf2+ 18. Rxf2 Bxf2 19. Bd2 Kf7 20. d4 Qg8 21.
dxe5 fxe5 22. g4 Rxh3+ 23. Kg2 Qh7 24. Kxf2 Rh2+ 25. Ke3 Rh3+ 26. Ke2 Qh4 27.
Be3 a5 28. Nd2 Ba6+ 29. c4 Qxg4+ 30. Kd3 Qf4 31. Nf1 d5 32. b3 Qxe4+ 33. Kc3
Rxe3+ 34. Nxe3 Qxe3+ 35. Kb2 Rh8 36. Qg1 Qxg1 37. Rxg1 d4 38. Rg6 Bb7 39. b4
axb4 40. Kb3 c5 0-1

[Event "Vesterhav"]
[Site "Esbjerg"]
[Date "2008.07.18"]
[Round "10"]
[White "Hoiberg, Nina"]
[Black "Hansen, Rene Rauer"]
[Result "1-0"]
[WhiteElo "2211"]
[BlackElo "2001"]
[PlyCount "61"]
[EventDate "2008.07.11"]
[EventType "swiss"]
[EventRounds "10"]
[EventCountry "DEN"]
[Source "ChessBase"]
[SourceDate "2008.09.01"]

1. e4 c5 2. Nf3 d6 3. d4 cxd4 4. Qxd4 Nc6 5. Bb5 Bd7 6. Bxc6 Bxc6 7. Nc3 Nf6 8.
O-O e6 9. Bg5 Be7 10. Qd3 Qa5 11. Bh4 O-O 12. Nd4 Rac8 13. f4 Rfd8 14. Rae1 a6
15. Kh1 Qh5 16. Bf2 Qa5 17. Bg1 b5 18. a3 Bb7 19. Re3 d5 20. e5 Ne4 21. f5 exf5
22. Nxf5 Bf8 23. Rh3 Qc7 24. Nxe4 dxe4 25. Qg3 g6 26. Qh4 h5 27. Qf6 Bd5 28.
Rxh5 gxh5 29. Qg5+ Kh8 30. Qxh5+ Kg8 31. Qg4+ 1-0

[Event "Vesterhav"]
[Site "Esbjerg"]
[Date "2008.07.18"]
[Round "10"]
[White "Jacobsen, Mads Holger Bang"]
[Black "Marshall, Michael"]
[Result "1/2-1/2"]
[WhiteElo "1831"]
[BlackElo "1917"]
[PlyCount "101"]
[EventDate "2008.07.11"]
[EventType "swiss"]
[EventRounds "10"]
[EventCountry "DEN"]
[Source "ChessBase"]
[SourceDate "2008.09.01"]

1. d4 d5 2. c4 e6 3. Nc3 c5 4. e3 cxd4 5. exd4 Nf6 6. Nf3 Bb4 7. Qa4+ Nc6 8. a3
Bxc3+ 9. bxc3 Ne4 10. Qc2 Qa5 11. Bb2 O-O 12. Bd3 f5 13. O-O Qc7 14. cxd5 exd5
15. c4 Be6 16. cxd5 Bxd5 17. Ne5 Rac8 18. Rac1 Qb8 19. Bc4 Ne7 20. Bxd5+ Nxd5
21. Qb3 Qd6 22. Rxc8 Rxc8 23. Qxb7 Rf8 24. Qxa7 f4 25. Qd7 Qxd7 26. Nxd7 Rd8
27. Ne5 Rb8 28. Nc4 Nd2 29. Nxd2 Rxb2 30. Nf3 Ra2 31. h3 Rxa3 32. Re1 Nf6 33.
Re2 h6 34. h4 Kf8 35. Kh2 Ra1 36. g3 fxg3+ 37. fxg3 Ra3 38. Kg2 Nd5 39. Kf2 Nf6
40. Kg2 Nd5 41. Kf2 Nf6 42. Nh2 Rd3 43. Nf3 Ng4+ 44. Kg2 Ne3+ 45. Kh3 Nd5 46.
Rf2 Nf6 47. Ne5 Rxd4 48. Ng4 Ke7 49. Nxf6 gxf6 50. Rf5 Kf7 51. Kg2 1/2-1/2

[Event "Vesterhav"]
[Site "Esbjerg"]
[Date "2008.07.18"]
[Round "10"]
[White "Jensen, Leif Haugaard"]
[Black "Holm, Sejer"]
[Result "1/2-1/2"]
[WhiteElo "2010"]
[BlackElo "2240"]
[PlyCount "101"]
[EventDate "2008.07.11"]
[EventType "swiss"]
[EventRounds "10"]
[EventCountry "DEN"]
[Source "ChessBase"]
[SourceDate "2008.09.01"]

1. e4 c5 2. g3 Nc6 3. Bg2 g6 4. d3 Bg7 5. c3 e5 6. f4 d6 7. Nf3 Nge7 8. O-O O-O
9. Be3 b6 10. Na3 exf4 11. Bxf4 d5 12. Nd2 Be6 13. Nc2 Rc8 14. Qe2 h6 15. exd5
Nxd5 16. Ne4 Qd7 17. Bxh6 Bxh6 18. c4 f5 19. cxd5 Bxd5 20. Nc3 Bxg2 21. Qxg2
Nd4 22. Rad1 Nxc2 23. Qxc2 Be3+ 24. Kh1 Kg7 25. Qg2 Rcd8 26. b3 Rf6 27. Rf3 Bd4
28. Ne2 Rd6 29. Nxd4 Rxd4 30. Qe2 Re8 31. Re3 Rxe3 32. Qxe3 a5 33. Kg2 Rd6 34.
Rd2 Re6 35. Qf3 Rd6 36. Qe3 Rd5 37. h4 Qd6 38. Kf2 Rd4 39. Qf3 Kf6 40. Kg2 Qd5
41. Qxd5 Rxd5 42. Kf3 Rd4 43. Ke3 Ke5 44. Rh2 Rg4 45. Kf3 b5 46. h5 gxh5 47.
Rxh5 a4 48. Rh4 axb3 49. axb3 Kd4 50. Rh5 Ke5 51. Rh4 1/2-1/2

[Event "Vesterhav"]
[Site "Esbjerg"]
[Date "2008.07.18"]
[Round "10"]
[White "Kallenbach, Uffe"]
[Black "Andreasen, Per"]
[Result "1-0"]
[WhiteElo "1591"]
[BlackElo "1771"]
[PlyCount "109"]
[EventDate "2008.07.11"]
[EventType "swiss"]
[EventRounds "10"]
[EventCountry "DEN"]
[Source "ChessBase"]
[SourceDate "2008.09.01"]

1. d4 Nf6 2. c4 e5 3. dxe5 Ng4 4. e4 Nxe5 5. f4 Bb4+ 6. Nc3 Ng6 7. Nf3 Nh4 8.
Bd2 d6 9. g3 Nxf3+ 10. Qxf3 Nc6 11. Qf2 Qe7 12. Bd3 Bc5 13. Be3 Nb4 14. Bb1 b6
15. Bxc5 dxc5 16. a3 Nc6 17. Nd5 Qd6 18. O-O Ne7 19. e5 Qd8 20. Be4 Nxd5 21.
cxd5 Bb7 22. Rad1 O-O 23. Qe3 h6 24. f5 Qg5 25. Qe2 a5 26. Rf4 h5 27. Qf3 Rae8
28. e6 fxe6 29. dxe6 Bxe4 30. Qxe4 Rd8 31. Rxd8 Rxd8 32. Qe5 Rd1+ 33. Kg2 Qf6
34. Qe2 Rd8 35. Rf2 Qe7 36. Qxh5 Qe8 37. Qg5 Qc6+ 38. Kh3 Qd5 39. e7 Re8 40.
Rd2 Qf3 41. Rd8 Qf1+ 42. Kh4 Qc4+ 43. g4 Qf7 44. f6 g6 45. Qd5 Qxd5 46. Rxd5
Kf7 47. Rd8 c4 48. Kg5 b5 49. Rxe8 Kxe8 50. Kxg6 b4 51. axb4 axb4 52. Kg7 c3
53. bxc3 bxc3 54. f7+ Kxe7 55. f8=Q+ 1-0

[Event "Vesterhav"]
[Site "Esbjerg"]
[Date "2008.07.18"]
[Round "10"]
[White "Lauritsen, Martin Lee"]
[Black "Andersen, Jackie"]
[Result "0-1"]
[WhiteElo "2063"]
[BlackElo "2300"]
[PlyCount "142"]
[EventDate "2008.07.11"]
[EventType "swiss"]
[EventRounds "10"]
[EventCountry "DEN"]
[Source "ChessBase"]
[SourceDate "2008.09.01"]

1. e4 g6 2. d4 Bg7 3. Nc3 d6 4. Bc4 Nf6 5. Nf3 O-O 6. Bf4 Nxe4 7. Nxe4 d5 8.
Bd3 dxe4 9. Bxe4 c5 10. c3 cxd4 11. cxd4 Qb6 12. Qd2 Nc6 13. Be3 Bg4 14. Rd1
Rfd8 15. d5 Qb4 16. Qxb4 Nxb4 17. a3 f5 18. axb4 fxe4 19. h3 exf3 20. hxg4 fxg2
21. Rg1 Bxb2 22. Ke2 Bc3 23. b5 a6 24. bxa6 Rxa6 25. Rb1 Rd7 26. Rxg2 Ra5 27.
Rb3 Be5 28. Rg1 Raxd5 29. Rgb1 Bd4 30. Rxb7 Rxb7 31. Rxb7 Re5 32. Kf3 Bxe3 33.
fxe3 Kf7 34. Rb6 h5 35. Kf4 Ra5 36. gxh5 Rxh5 37. e4 Rh1 38. Ra6 Rf1+ 39. Kg5
Rf6 40. Ra5 Re6 41. Kf4 Kf6 42. Ra8 g5+ 43. Kf3 Kg6 44. Rg8+ Kh5 45. Rh8+ Rh6
46. Re8 Rh7 47. Kg3 Rg7 48. Rh8+ Kg6 49. Kg4 Kf6 50. Ra8 Rh7 51. Ra5 Rh4+ 52.
Kf3 Rf4+ 53. Ke3 Kg6 54. Ra1 Rf6 55. Ra7 Rf7 56. Ra6+ Kh5 57. Ra1 g4 58. Rh1+
Kg5 59. Kd4 g3 60. Kd5 Kg4 61. e5 g2 62. Rg1 Kg3 63. Ke6 Rh7 64. Kd7 Kf2 65.
Ra1 g1=Q 66. Rxg1 Kxg1 67. e6 Kf2 68. Ke8 Kf3 69. Kf8 Ke4 70. Kg8 Rh6 71. Kf7
Ke5 0-1

[Event "Vesterhav"]
[Site "Esbjerg"]
[Date "2008.07.18"]
[Round "10"]
[White "Lindestrom, Torsten"]
[Black "Jensby, Morten"]
[Result "1/2-1/2"]
[WhiteElo "2259"]
[BlackElo "2021"]
[PlyCount "41"]
[EventDate "2008.07.11"]
[EventType "swiss"]
[EventRounds "10"]
[EventCountry "DEN"]
[Source "ChessBase"]
[SourceDate "2008.09.01"]

1. d4 d5 2. Bg5 g6 3. Nf3 Bg7 4. e3 Nf6 5. c4 Ne4 6. Bf4 c5 7. Nc3 cxd4 8. Nxd5
Na6 9. exd4 Qa5+ 10. b4 Nxb4 11. Bd2 Nxd2 12. Qxd2 Nc2+ 13. Kd1 Qxd2+ 14. Kxd2
Nxa1 15. Nc7+ Kd8 16. Nxa8 Bf5 17. Bd3 Bxd3 18. Kxd3 Kd7 19. Rxa1 Rxa8 20. Rb1
Kc7 21. h3 1/2-1/2